| 000 | 01070nam a22003257a 4500 | ||
|---|---|---|---|
| 003 | CHAP | ||
| 005 | 20220817041819.0 | ||
| 008 | 971013s1976 r 00010 d | ||
| 010 | _a25339 | ||
| 011 | _a26311 | ||
| 035 | _a30412 | ||
| 040 | _cCHAP | ||
| 082 |
_a080 _bS4 v.297 |
||
| 100 | 0 | 0 |
_aBruggeman, Jurgen K. _915750 |
| 245 | _aEvolución o revolución ; ensayos de antropología | ||
| 260 |
_aMéxico, D. F. : _bSecretaría de Educación Pública, _c1976 |
||
| 300 |
_a167 p. _b: ilus. mapas gráfs. |
||
| 490 |
_aSEP/Setentas _v; 297 |
||
| 590 |
_aBATCH-UPD _b10 _c20130110 _lUCH01 _h1614 |
||
| 590 |
_aBATCH-UPD _b10 _c20130410 _lUCH01 _h1009 |
||
| 590 |
_aBATCH-UPD _b10 _c20130914 _lUCH01 _h0359 |
||
| 590 |
_aCONVERSION _b10 _c20130109 _lUCH01 _h1315 |
||
| 650 | 1 | 4 |
_aAntropologia. _96133 |
| 650 | 1 | 4 |
_aArqueología _zMéxico. _97357 |
| 830 | 0 |
_aSEP. Setentas _v; 297 |
|
| 901 | _aBK | ||
| 942 | _cLIBRO | ||
| 949 |
_a080 S4 v.297 _bBC _cLIBRO _d-70574 _eLIBRO _h44453 _i30412 _si |
||
| 949 |
_a080 S4 v.297 _bBC _cLIBRO _d33724000310298 _eLIBRO _fc.2 _h46865 _i30412 _si |
||
| 999 |
_c25339 _d25339 |
||